000 00901nam a2200217 a 4500
003 0
005 20250626113327.0
008 130817s19uu xx 00 eng d
050 _aPHS RS 431.H47
_b.D238 2013
100 _aDauigoy, Julianne Rae G.
245 _aMethod of extraction of Curcuma longa roots and leaves on the growth of Staphylococcus epidermidis /
_cJulianne Rae G. Dauigoy.
260 _aLas PiƱas City, Philippines :
_bSouthville International School and Colleges,
_c2013.
300 _a25 pages :
_billustrations ;
_c28 cm.
504 _aIncludes bibliographical references.
650 _aMedicinal plants
_vExtraction and pharmacology.
650 _aHerbal medicine
_vAntibacterial properties.
650 _aCurcuma longa
_vExtraction methods.
650 _aStaphylococcus epidermidis
_vGrowth inhibition.
650 _aPlant extracts
_vAntimicrobial effects.
942 _2lcc
_cPASS
999 _c98929
_d98929